=LDR 00000nam 2200000 4500 =001 INLIS000000000023017 =005 20130612121720 =008 ***********************************Ind** =035 ##$$0010-061300000023017 =041 ##$$a Ind =082 ##$$a 574.07 =090 ##$$a 574.07, Bio-b =100 ##$$a Purnomo, Moh. Timbul =245 ##$$a Biologi untuk kelas 1 SLTP, Edisi ketiga semester pertama dan kedua, Moh. Timbul Purnomo, Eryanti =260 ##$$a 2003 $b Jakarta =300 ##$$a xiii, 154 hlm., ilus, 25 cm =650 ##$$a Biologi =850 ##$$a NBPNMAT